000 00295nam a2200097Ia 4500
008 180430s9999 xx 000 0 und d
020 _a9781472344502
245 _aSlow cooker :
_beveryday recipes to enjoy /
260 _aWS Pacific Publications,Inc.
_bParragon Books Ltd
_c2014
300 _a30 pages
999 _c356393
_d356393